000 01449cam a2200385 a 4500
001 2133
003 FISKH
005 20231110093745.0
008 971218s1998 nyuab c 000 1 eng
010 _a 97052938
020 _a0590313509 (paper over board)
020 _a9780545398909
040 _aDLC
_cDLC
_dDLC
_beng
042 _alcac
043 _an-us-ma
050 0 0 _aPZ7.D4135
_bJo 1998
082 0 0 _a[Fic]
_221
100 1 _aDenenberg, Barry.
245 1 4 _aThe journal of William Thomas Emerson, a Revolutionary War patriot /
_cBarry Denenberg.
250 _aThis edition first printing, December 2012
260 _aNew York :
_bScholastic,
_c1998
300 _a153 pages :
_billustrations ; map ;
_c20 cm
505 _aZ'
520 _aWilliam, a twelve-year-old orphan, writes of his experiences in pre-Revolutionary War Boston where he joins the cause of the patriots who are opposed to the British rule.
521 8 _a950
_bLexile
521 8 _aZ'
_bRaz-Plus
650 1 _aOrphans
_xFiction.
650 1 _aDiaries
_xFiction.
651 0 _aBoston (Mass.)
_xHistory
_yRevolution, 1775-1783
_xJuvenile fiction.
651 0 _aUnited States
_xHistory
_yRevolution, 1775-1783
_xJuvenile fiction.
651 1 _aBoston (Mass.)
_xHistory
_yRevolution, 1775-1783
_xFiction.
651 1 _aUnited States
_xHistory
_yRevolution, 1775-1783
_xFiction.
906 _a7
_bcbu
_corignew
_d1
_eocip
_f19
_gy-gencatlg
942 _2ddc
_cBK
_n0
999 _c2133
_d2133